000 00746nam a2200253Ia 4500
003 OSt
005 20220918200256.0
006 a|||||r|||| 00| 0
007 ta
008 220917b |||||||| |||| 00| 0 eng d
024 _a88,128
037 _cTextual
040 _aARTS
_cARTS
_beng
041 _2eng
_aeng
082 _aU11, H3
100 _aDeetz Charles H
_993383
245 0 _aCartography
_b a review and guide for the construction and use of maps and charts
250 _a2nd
260 _c1943
490 _aUnited States Commerce (Department of-) coast and Geodetic survey special publication; 205
650 _aMAPS; GEOGRAPHY
_920557
942 _hU11, H3
_cTEXL
_2CC
999 _c211818
_d211818